<?xml version="1.0" encoding="UTF-8"?>
<record
    xmlns:xsi="http://www.w3.org/2001/XMLSchema-instance"
    xsi:schemaLocation="http://www.loc.gov/MARC21/slim http://www.loc.gov/standards/marcxml/schema/MARC21slim.xsd"
    xmlns="http://www.loc.gov/MARC21/slim">

  <leader>00562nam a22002177a 4500</leader>
  <controlfield tag="005">20221215124405.0</controlfield>
  <controlfield tag="008">221214b           ||||| |||| 00| 0 eng d</controlfield>
  <datafield tag="020" ind1=" " ind2=" ">
    <subfield code="a">9788195680757</subfield>
  </datafield>
  <datafield tag="040" ind1=" " ind2=" ">
    <subfield code="c">AL</subfield>
  </datafield>
  <datafield tag="041" ind1=" " ind2=" ">
    <subfield code="a">English</subfield>
  </datafield>
  <datafield tag="082" ind1=" " ind2=" ">
    <subfield code="2">23</subfield>
    <subfield code="a">336</subfield>
    <subfield code="b">HANP</subfield>
  </datafield>
  <datafield tag="100" ind1=" " ind2=" ">
    <subfield code="a">V Basil Hans</subfield>
    <subfield code="9">66150</subfield>
  </datafield>
  <datafield tag="245" ind1=" " ind2=" ">
    <subfield code="a">Public Finance</subfield>
  </datafield>
  <datafield tag="260" ind1=" " ind2=" ">
    <subfield code="a">Mangaluru</subfield>
    <subfield code="b">St Aloysius Prakashana</subfield>
    <subfield code="c">2022</subfield>
  </datafield>
  <datafield tag="300" ind1=" " ind2=" ">
    <subfield code="a">vii,184 p.</subfield>
    <subfield code="b">PB</subfield>
    <subfield code="c">21x13 cm.</subfield>
  </datafield>
  <datafield tag="365" ind1=" " ind2=" ">
    <subfield code="c">&#x20B9;</subfield>
    <subfield code="d">&#x20B9;200.00</subfield>
  </datafield>
  <datafield tag="650" ind1=" " ind2=" ">
    <subfield code="a">II SEM BCOM</subfield>
    <subfield code="9">66060</subfield>
  </datafield>
  <datafield tag="650" ind1=" " ind2=" ">
    <subfield code="a">NEP</subfield>
    <subfield code="9">66061</subfield>
  </datafield>
  <datafield tag="700" ind1=" " ind2=" ">
    <subfield code="a">HANS (V Basil)</subfield>
    <subfield code="9">66062</subfield>
  </datafield>
  <datafield tag="942" ind1=" " ind2=" ">
    <subfield code="2">ddc</subfield>
    <subfield code="c">DB</subfield>
  </datafield>
  <datafield tag="999" ind1=" " ind2=" ">
    <subfield code="c">225753</subfield>
    <subfield code="d">225753</subfield>
  </datafield>
  <datafield tag="952" ind1=" " ind2=" ">
    <subfield code="0">0</subfield>
    <subfield code="1">0</subfield>
    <subfield code="2">ddc</subfield>
    <subfield code="4">0</subfield>
    <subfield code="7">0</subfield>
    <subfield code="8">MAN</subfield>
    <subfield code="a">AL</subfield>
    <subfield code="b">AL</subfield>
    <subfield code="d">2022-12-14</subfield>
    <subfield code="l">5</subfield>
    <subfield code="m">2</subfield>
    <subfield code="o">336 HANP</subfield>
    <subfield code="p">D04850</subfield>
    <subfield code="r">2025-09-13 08:46:49</subfield>
    <subfield code="s">2025-09-02</subfield>
    <subfield code="v">200.00</subfield>
    <subfield code="w">2022-12-14</subfield>
    <subfield code="y">DB</subfield>
    <subfield code="z">Donated by St Aloysius Prakashana</subfield>
  </datafield>
  <datafield tag="952" ind1=" " ind2=" ">
    <subfield code="0">0</subfield>
    <subfield code="1">0</subfield>
    <subfield code="2">ddc</subfield>
    <subfield code="4">0</subfield>
    <subfield code="7">0</subfield>
    <subfield code="8">MAN</subfield>
    <subfield code="a">AL</subfield>
    <subfield code="b">AL</subfield>
    <subfield code="d">2022-12-14</subfield>
    <subfield code="l">11</subfield>
    <subfield code="m">1</subfield>
    <subfield code="o">336 HANP</subfield>
    <subfield code="p">D04851</subfield>
    <subfield code="r">2025-07-22 14:43:39</subfield>
    <subfield code="s">2025-07-12</subfield>
    <subfield code="v">200.00</subfield>
    <subfield code="w">2022-12-14</subfield>
    <subfield code="y">DB</subfield>
    <subfield code="z">Donated by St Aloysius Prakashana</subfield>
  </datafield>
  <datafield tag="952" ind1=" " ind2=" ">
    <subfield code="0">0</subfield>
    <subfield code="1">0</subfield>
    <subfield code="2">ddc</subfield>
    <subfield code="4">0</subfield>
    <subfield code="7">0</subfield>
    <subfield code="8">MAN</subfield>
    <subfield code="a">AL</subfield>
    <subfield code="b">AL</subfield>
    <subfield code="d">2022-12-14</subfield>
    <subfield code="l">10</subfield>
    <subfield code="m">1</subfield>
    <subfield code="o">336 HANP</subfield>
    <subfield code="p">D04852</subfield>
    <subfield code="r">2025-09-17 10:37:08</subfield>
    <subfield code="s">2025-09-09</subfield>
    <subfield code="v">200.00</subfield>
    <subfield code="w">2022-12-14</subfield>
    <subfield code="y">DB</subfield>
    <subfield code="z">Donated by St Aloysius Prakashana</subfield>
  </datafield>
  <datafield tag="952" ind1=" " ind2=" ">
    <subfield code="0">0</subfield>
    <subfield code="1">0</subfield>
    <subfield code="2">ddc</subfield>
    <subfield code="4">0</subfield>
    <subfield code="7">0</subfield>
    <subfield code="8">MAN</subfield>
    <subfield code="a">AL</subfield>
    <subfield code="b">AL</subfield>
    <subfield code="d">2022-12-14</subfield>
    <subfield code="l">13</subfield>
    <subfield code="m">5</subfield>
    <subfield code="o">336 HANP</subfield>
    <subfield code="p">D04853</subfield>
    <subfield code="r">2025-11-07 12:11:31</subfield>
    <subfield code="s">2025-11-03</subfield>
    <subfield code="v">200.00</subfield>
    <subfield code="w">2022-12-14</subfield>
    <subfield code="y">DB</subfield>
    <subfield code="z">Donated by St Aloysius Prakashana</subfield>
  </datafield>
  <datafield tag="952" ind1=" " ind2=" ">
    <subfield code="0">0</subfield>
    <subfield code="1">0</subfield>
    <subfield code="2">ddc</subfield>
    <subfield code="4">0</subfield>
    <subfield code="7">0</subfield>
    <subfield code="8">MAN</subfield>
    <subfield code="a">AL</subfield>
    <subfield code="b">AL</subfield>
    <subfield code="d">2022-12-14</subfield>
    <subfield code="l">9</subfield>
    <subfield code="m">3</subfield>
    <subfield code="o">336 HANP</subfield>
    <subfield code="p">D04854</subfield>
    <subfield code="r">2025-09-25 14:10:55</subfield>
    <subfield code="s">2025-09-04</subfield>
    <subfield code="v">200.00</subfield>
    <subfield code="w">2022-12-14</subfield>
    <subfield code="y">DB</subfield>
    <subfield code="z">Donated by St Aloysius Prakashana</subfield>
  </datafield>
</record>
